[Event "Luiz Rego Memorial 6th"]
[Site "Teresina"]
[Date "2018.08.05"]
[Round "5"]
[White "Costa, Edvaldo da Cruz"]
[Black "Bandeira, George Veras"]
[Result "1-0"]
[WhiteElo "1728"]
[BlackElo "1808"]
[PlyCount "99"]
[EventDate "2018.08.03"]
[EventType "swiss"]
[EventRounds "6"]
[EventCountry "BRA"]
[SourceTitle "CBM 186 Extra"]
[Source "ChessBase"]
[SourceDate "2018.08.24"]
[SourceVersion "1"]
[SourceVersionDate "2018.08.24"]
[SourceQuality "1"]

1. d4 Nf6 2. c4 e6 3. Nc3 d5 4. cxd5 exd5 5. Bg5 Be7 6. e3 c6 7. Bd3 Nbd7 8. Qc2 h6 9. Bh4 0-0 10. Nge2 c5 11. dxc5 Nxc5 12. Bf5 Nfe4 13. Bxe7 Qxe7 14. Nxd5 Qe5 15. Bxe4 Nxe4 16. Nec3 Bf5 17. Qb3 Nc5 18. Qa3 Nd3+ 19. Ke2 g5 20. Ne7+ Kg7 21. Nxf5+ Qxf5 22. f3 Rfe8 23. Ne4 Rxe4 24. Qxd3 Re5 25. Qxf5 Rxf5 26. Rhd1 Rc5 27. Rac1 Rac8 28. Rxc5 Rxc5 29. b3 Kf6 30. e4 h5 31. Ke3 Ke6 32. g3 Rc3+ 33. Ke2 f6 34. f4 gxf4 35. gxf4 Rh3 36. Ke1 Rf3 37. Ke2 Rxf4 38. Ke3 Rg4 39. b4 h4 40. a4 f5 41. exf5+ Kxf5 42. Rd5+ Kg6 43. Rd4 Rxd4 44. Kxd4 Kf5 45. Ke3 Kg4 46. Kf2 h3 47. Ke3 a6 48. a5 Kf5 49. Kf3 Kg5 50. Kg3 1-0

[Event "Brasilia Terraviva op"]
[Site "Brasilia"]
[Date "2018.01.13"]
[Round "5"]
[White "Barbalho, Gilsomar Silva"]
[Black "Costa, Edvaldo da Cruz"]
[Result "1-0"]
[WhiteElo "1906"]
[BlackElo "1728"]
[PlyCount "59"]
[EventDate "2018.01.11"]
[EventType "swiss"]
[EventRounds "7"]
[EventCountry "BRA"]
[SourceTitle "CBM 182 Extra"]
[Source "ChessBase"]
[SourceDate "2018.02.23"]
[SourceVersion "1"]
[SourceVersionDate "2018.02.23"]
[SourceQuality "1"]

1. e4 e6 2. d4 d5 3. Nc3 Nf6 4. e5 Nfd7 5. f4 c5 6. Nf3 cxd4 7. Nxd4 Nc6 8. Be3 Bb4 9. Bb5 Nxd4 10. Qxd4 Qa5 11. Bxd7+ Bxd7 12. 0-0 Bxc3 13. bxc3 0-0 14. Rf3 Qa4 15. Qd2 Bc6 16. Rg3 f5 17. exf6 Rxf6 18. Bd4 Rf7 19. Re1 Re8 20. f5 exf5 21. Rf1 g6 22. Qh6 Re6 23. h4 Qxc2 24. h5 Rff6 25. Bxf6 Rxf6 26. hxg6 Rxg6 27. Rxg6+ hxg6 28. Qxg6+ Kh8 29. Rxf5 Qxf5 30. Qxf5 1-0

[Event "Para State-ch final"]
[Site "Belem"]
[Date "2017.12.01"]
[Round "1.7"]
[White "Costa, Edvaldo da Cruz"]
[Black "Teixeira, Euclides"]
[Result "0-1"]
[WhiteElo "1742"]
[BlackElo "1936"]
[PlyCount "60"]
[EventDate "2017.12.01"]
[EventType "swiss"]
[EventRounds "6"]
[EventCountry "BRA"]
[SourceTitle "CBM 182 Extra"]
[Source "ChessBase"]
[SourceDate "2018.02.23"]
[SourceVersion "1"]
[SourceVersionDate "2018.02.23"]
[SourceQuality "1"]

1. d4 Nf6 2. c4 g6 3. Nc3 Bg7 4. e4 d6 5. Nf3 0-0 6. Be2 e5 7. Be3 exd4 8. Nxd4 Nc6 9. Nc2 Re8 10. f3 a5 11. Qd2 a4 12. a3 Na5 13. Rd1 Nb3 14. Qd3 Nd7 15. Nxa4 Rxa4 16. Qxb3 Ra5 17. Rd5 Ra8 18. 0-0 Ne5 19. f4 Ng4 20. Bxg4 Bxg4 21. Rg5 Bd7 22. e5 h6 23. Rg3 dxe5 24. fxe5 Bxe5 25. Rgf3 Bd6 26. Bf4 Be6 27. Bg3 b5 28. Qxb5 Rb8 29. Qa4 Rxb2 30. Bxd6 cxd6 0-1

[Event "Recife Arraes Memorial 10th"]
[Site "Recife"]
[Date "2017.10.08"]
[Round "6"]
[White "Costa, Edvaldo da Cruz"]
[Black "Born, Ary"]
[Result "1-0"]
[WhiteElo "1745"]
[BlackElo "1447"]
[PlyCount "57"]
[EventDate "2017.10.06"]
[EventType "swiss"]
[EventRounds "6"]
[EventCountry "BRA"]
[SourceTitle "CBM 181 Extra"]
[Source "ChessBase"]
[SourceDate "2017.12.12"]
[SourceVersion "1"]
[SourceVersionDate "2017.12.12"]
[SourceQuality "1"]

1. d4 d5 2. c4 c6 3. Nc3 Nf6 4. Bg5 e6 5. e4 Be7 6. e5 Nfd7 7. Bxe7 Qxe7 8. Nf3 dxc4 9. Bxc4 Nb6 10. Bd3 Qb4 11. Qb1 Nd5 12. Qc2 Nd7 13. 0-0 Nf8 14. Ne4 Ng6 15. Nd6+ Kf8 16. a3 Qa5 17. Ng5 Rg8 18. Nxh7+ Ke7 19. Bxg6 f6 20. Bf7 Rd8 21. exf6+ Nxf6 22. Ne4 Qc7 23. Nhxf6 Kxf7 24. Ng4 Rd5 25. Ng5+ Kf8 26. Qh7 Rb8 27. Qh8+ Ke7 28. Qxg7+ Ke8 29. Nf6+ 1-0

[Event "Recife Arraes Memorial 10th"]
[Site "Recife"]
[Date "2017.10.07"]
[Round "3"]
[White "Costa, Edvaldo da Cruz"]
[Black "Azevedo, Edmundo Roberto Ram"]
[Result "0-1"]
[WhiteElo "1745"]
[BlackElo "2007"]
[PlyCount "80"]
[EventDate "2017.10.06"]
[EventType "swiss"]
[EventRounds "6"]
[EventCountry "BRA"]
[SourceTitle "CBM 181 Extra"]
[Source "ChessBase"]
[SourceDate "2017.12.12"]
[SourceVersion "1"]
[SourceVersionDate "2017.12.12"]
[SourceQuality "1"]

1. d4 d5 2. c4 c6 3. Nc3 Nf6 4. Bg5 e6 5. e4 dxe4 6. Bxf6 Qxf6 7. Nxe4 Bb4+ 8. Nc3 0-0 9. Nf3 c5 10. Be2 Nc6 11. a3 cxd4 12. axb4 dxc3 13. bxc3 Qxc3+ 14. Nd2 Nxb4 15. 0-0 Rd8 16. Ne4 Qd4 17. Qxd4 Rxd4 18. Rfd1 Nc6 19. Bf3 Kf8 20. Nd6 Rxd1+ 21. Rxd1 Ke7 22. c5 a5 23. Nc4 Bd7 24. Rxd7+ Kxd7 25. Nb6+ Ke7 26. Nxa8 a4 27. Be4 a3 28. Bb1 Nb4 29. Nb6 a2 30. Bxa2 Nxa2 31. Nc8+ Kd7 32. Nd6 b6 33. Nxf7 bxc5 34. Kf1 Kc6 35. Ng5 Kd5 36. Nxh7 c4 37. Ke1 c3 38. Kd1 Kc4 39. Kc2 Nb4+ 40. Kb1 Kb3 0-1

[Event "Manaus Regional Norte-ch"]
[Site "Manaus"]
[Date "2017.09.09"]
[Round "4"]
[White "Costa, Edvaldo da Cruz"]
[Black "De Oliveira, Leonardo Souza A"]
[Result "0-1"]
[WhiteElo "1751"]
[BlackElo "2057"]
[PlyCount "68"]
[EventDate "2017.09.07"]
[EventType "swiss"]
[EventRounds "7"]
[EventCountry "BRA"]
[SourceTitle "CBM 180 Extra"]
[Source "ChessBase"]
[SourceDate "2017.10.06"]
[SourceVersion "1"]
[SourceVersionDate "2017.10.06"]
[SourceQuality "1"]

1. d4 Nf6 2. c4 e6 3. Nc3 d5 4. cxd5 exd5 5. Bg5 Be7 6. e3 c6 7. Bd3 0-0 8. Qc2 h6 9. Bh4 c5 10. dxc5 Nbd7 11. b4 a5 12. bxa5 Rxa5 13. Nge2 Rxc5 14. 0-0 Ne5 15. Nd4 Nfg4 16. Bxe7 Qxe7 17. Nb3 Nxh2 18. Rfd1 Nhf3+ 19. gxf3 Nxf3+ 20. Kf1 Bh3+ 21. Ke2 Bg4 22. Kf1 Nh2+ 23. Ke1 Nf3+ 24. Kf1 Qh4 25. Qb2 Nd4 26. Ke1 Nxb3 27. axb3 d4 28. Ne4 dxe3 29. Nxc5 Qh1+ 30. Bf1 e2 31. Kd2 exd1Q+ 32. Rxd1 Rd8+ 33. Kc3 Rxd1 34. Bd3 b6 0-1

[Event "Belem zt"]
[Site "Belem"]
[Date "2017.08.20"]
[Round "6"]
[White "Costa, Edvaldo da Cruz"]
[Black "Leao, Flavio Sanchez"]
[Result "1/2-1/2"]
[WhiteElo "1746"]
[BlackElo "1820"]
[PlyCount "85"]
[EventDate "2017.08.18"]
[EventType "swiss"]
[EventRounds "6"]
[EventCountry "BRA"]
[SourceTitle "CBM 180 Extra"]
[Source "ChessBase"]
[SourceDate "2017.10.06"]
[SourceVersion "1"]
[SourceVersionDate "2017.10.06"]
[SourceQuality "1"]

1. d4 Nf6 2. c4 e6 3. Nc3 Bb4 4. Bg5 0-0 5. Nf3 d5 6. e3 c6 7. Bd3 dxc4 8. Bxc4 Nbd7 9. Bd3 Qa5 10. Bxf6 Nxf6 11. Qc2 h6 12. 0-0 Bd6 13. e4 e5 14. dxe5 Bxe5 15. Nxe5 Qxe5 16. f4 Qd4+ 17. Kh1 Ng4 18. Rf3 Rd8 19. Qe2 Nf6 20. Qe3 Qxe3 21. Rxe3 Ng4 22. Rf3 Rxd3 23. Rxd3 Nf2+ 24. Kg1 Nxd3 25. Rd1 Nc5 26. Rd8+ Kh7 27. e5 b6 28. b4 Ne6 29. Re8 Kg6 30. Ne4 Nxf4 31. Nd6 Nd3 32. Rxc8 Rxc8 33. Nxc8 Nxb4 34. Nxa7 Nxa2 35. Nxc6 b5 36. Kf2 Kf5 37. Nd4+ Kxe5 38. Nxb5 f5 39. Na3 g5 40. Nc4+ Kf4 41. g3+ Kg4 42. Ne3+ Kh5 43. Nxf5 1/2-1/2

[Event "Belem zt"]
[Site "Belem"]
[Date "2017.08.19"]
[Round "4"]
[White "Assuncao, Darlane Brito"]
[Black "Costa, Edvaldo da Cruz"]
[Result "1/2-1/2"]
[WhiteElo "1794"]
[BlackElo "1746"]
[PlyCount "119"]
[EventDate "2017.08.18"]
[EventType "swiss"]
[EventRounds "6"]
[EventCountry "BRA"]
[SourceTitle "CBM 180 Extra"]
[Source "ChessBase"]
[SourceDate "2017.10.06"]
[SourceVersion "1"]
[SourceVersionDate "2017.10.06"]
[SourceQuality "1"]

1. d4 d5 2. Nf3 e6 3. Bf4 Bd6 4. Bg3 Bxg3 5. hxg3 Nc6 6. e3 b6 7. c3 Bb7 8. Bd3 Nf6 9. Nbd2 Qd6 10. Qe2 0-0-0 11. Ng5 Qe7 12. b4 h6 13. Ngf3 Qd6 14. Ba6 Ne4 15. Nxe4 dxe4 16. Nd2 f5 17. a4 e5 18. a5 exd4 19. exd4 e3 20. Bxb7+ Kxb7 21. Nc4 exf2+ 22. Kxf2 Qd5 23. Ne3 Qe4 24. Rh4 f4 25. Rxf4 Rhf8 26. Qf3 Qxf3+ 27. Rxf3 Ne7 28. axb6 axb6 29. Ke2 g5 30. Rh1 Rh8 31. Rf7 Rde8 32. Kd3 Nc6 33. Rf6 h5 34. Rg6 Re5 35. Rg7 Re7 36. Rxg5 Reh7 37. Nd5 Nd8 38. Nf6 Rh6 39. Rgxh5 Rxh5 40. Rxh5 Rxh5 41. Nxh5 Kc6 42. Nf4 Kd6 43. g4 Nf7 44. Kc4 Ng5 45. Nd3 Ne4 46. Ne5 b5+ 47. Kd3 Kd5 48. Ke3 Nxc3 49. g5 Ke6 50. g6 Kf6 51. g4 Nd5+ 52. Kf3 Nxb4 53. g5+ Kg7 54. Ke2 Nd5 55. Kd2 Nf4 56. Nf3 Nxg6 57. Kc3 Ne7 58. Kb4 c6 59. Ne5 Nd5+ 60. Kb3 1/2-1/2

[Event "Santarem Alter do Chao op"]
[Site "Santarem"]
[Date "2017.08.11"]
[Round "2"]
[White "Costa, Edvaldo da Cruz"]
[Black "Serafim Junior, Arnor"]
[Result "0-1"]
[WhiteElo "1746"]
[BlackElo "1845"]
[PlyCount "68"]
[EventDate "2017.08.11"]
[EventType "swiss"]
[EventRounds "6"]
[EventCountry "BRA"]
[SourceTitle "CBM 180 Extra"]
[Source "ChessBase"]
[SourceDate "2017.10.06"]
[SourceVersion "1"]
[SourceVersionDate "2017.10.06"]
[SourceQuality "1"]

1. d4 Nf6 2. c4 g6 3. Nc3 Bg7 4. e4 d6 5. Nf3 0-0 6. Be2 e5 7. Be3 exd4 8. Nxd4 Re8 9. f3 Nc6 10. Nc2 a6 11. Qd2 Rb8 12. 0-0 Nh5 13. f4 Nf6 14. Bf3 Ng4 15. f5 Nxe3 16. Nxe3 Bd4 17. fxg6 hxg6 18. Ne2 Ba7 19. Rae1 Qg5 20. Ng3 f5 21. e5 Nxe5 22. Bd5+ Kh7 23. Qc3 Ng4 24. Ne4 Rxe4 25. Bxe4 Nxe3 26. Kh1 Nxf1 27. Rxf1 Qh4 28. Rf3 Bd4 29. Qd2 Qxe4 30. Rh3+ Kg8 31. Rd3 c5 32. h3 f4 33. b3 Bf5 34. Rf3 Qb1+ 0-1

[Event "Belem op 2nd"]
[Site "Belem"]
[Date "2017.07.07"]
[Round "2"]
[White "De Melo, Vitor Ribeiro"]
[Black "Costa, Edvaldo da Cruz"]
[Result "0-1"]
[WhiteElo "1730"]
[BlackElo "1761"]
[PlyCount "62"]
[EventDate "2017.07.07"]
[EventType "swiss"]
[EventRounds "6"]
[EventCountry "BRA"]
[SourceTitle "EXT 2018"]
[Source "ChessBase"]
[SourceDate "2017.10.13"]
[SourceVersion "1"]
[SourceVersionDate "2017.10.13"]
[SourceQuality "1"]

1. e4 e6 2. Nf3 c5 3. c3 Nc6 4. d4 d5 5. exd5 exd5 6. Bd3 cxd4 7. cxd4 Bg4 8. Be2 Bd6 9. Be3 Nf6 10. Nbd2 Qa5 11. 0-0 Ne4 12. Re1 0-0 13. Nxe4 dxe4 14. Ng5 Bxe2 15. Rxe2 Qf5 16. Qd2 Rad8 17. d5 Ne7 18. Bxa7 Bf4 19. Be3 Rxd5 20. Qb4 Bxg5 21. Qxb7 Rb5 22. Qa7 Bxe3 23. fxe3 Qc5 24. Qxc5 Rxc5 25. b4 Rb5 26. a3 Ra8 27. Rb2 Nd5 28. a4 Rxb4 29. Rxb4 Nxb4 30. Rc1 f5 31. Kf2 Nd3+ 0-1

[Event "Manaus Amazonia-ch"]
[Site "Manaus"]
[Date "2017.04.14"]
[Round "3"]
[White "Costa, Edvaldo da Cruz"]
[Black "De Souza, David Barroso"]
[Result "0-1"]
[WhiteElo "1759"]
[BlackElo "2021"]
[PlyCount "66"]
[EventDate "2017.04.13"]
[EventType "swiss"]
[EventRounds "7"]
[EventCountry "BRA"]
[SourceTitle "CBM 177 Extra"]
[Source "ChessBase"]
[SourceDate "2017.04.27"]
[SourceVersion "1"]
[SourceVersionDate "2017.04.27"]
[SourceQuality "1"]

1. d4 Nf6 2. c4 e6 3. Nc3 Bb4 4. Qc2 Nc6 5. Nf3 0-0 6. Bg5 h6 7. Bh4 Qe7 8. e3 d6 9. Bd3 e5 10. 0-0 Bxc3 11. Bxf6 Qxf6 12. bxc3 Bg4 13. Nd2 Rae8 14. d5 Nb8 15. f3 Bc8 16. Ne4 Qe7 17. Ng3 Na6 18. Bf5 g6 19. Bxc8 Rxc8 20. e4 Nc5 21. f4 exf4 22. Rxf4 Rce8 23. Raf1 Qe5 24. Qd2 Qg5 25. Qd4 h5 26. R1f3 h4 27. Ne2 f5 28. Rh3 Rxe4 29. Rxe4 Nxe4 30. Qxa7 Qd2 31. Ng3 hxg3 32. hxg3 Qe1+ 33. Kh2 Nf2 0-1

[Event "Manaus Amazonia-ch"]
[Site "Manaus"]
[Date "2017.04.13"]
[Round "1"]
[White "Costa, Edvaldo da Cruz"]
[Black "Stamenkovic, Dragan"]
[Result "0-1"]
[WhiteElo "1759"]
[BlackElo "2396"]
[PlyCount "104"]
[EventDate "2017.04.13"]
[EventType "swiss"]
[EventRounds "7"]
[EventCountry "BRA"]
[SourceTitle "CBM 177 Extra"]
[Source "ChessBase"]
[SourceDate "2017.04.27"]
[SourceVersion "1"]
[SourceVersionDate "2017.04.27"]
[SourceQuality "1"]

1. d4 Nf6 2. c4 e6 3. Nc3 d5 4. cxd5 exd5 5. Bg5 c6 6. e3 Be7 7. Bd3 0-0 8. Nf3 Nbd7 9. Qc2 Re8 10. 0-0 Nf8 11. Ne5 N6d7 12. Bxe7 Qxe7 13. Nf3 Nf6 14. Rfe1 Ne4 15. Bxe4 dxe4 16. Nd2 f5 17. f4 Be6 18. Nb3 Nd7 19. Rad1 Nf6 20. h3 Rac8 21. Ne2 Nd5 22. Ng3 Nb4 23. Qc5 Nd3 24. Qxe7 Rxe7 25. Re2 Bxb3 26. axb3 g6 27. Rc2 c5 28. Ne2 Rec7 29. d5 Rd8 30. Nc3 a6 31. Ra1 Nb4 32. Rd2 Rcd7 33. Rad1 Rd6 34. g4 Kf7 35. g5 Nd3 36. Na4 Rh8 37. Nc3 Rb6 38. Rc2 Rxb3 39. Na4 b6 40. Rdd2 Rd8 41. Rc3 Rxc3 42. bxc3 b5 43. Nb2 Rxd5 44. c4 Rd6 45. Kf1 Ke6 46. h4 Nxb2 47. Rxb2 b4 48. Ke1 Rd3 49. Ke2 a5 50. Ra2 Ra3 51. Rb2 a4 52. Rd2 b3 0-1

[Event "Parauapebas CXCP op 1st"]
[Site "Parauapebas"]
[Date "2017.03.05"]
[Round "6.5"]
[White "Almeida, Luis Fernando Silva"]
[Black "Costa, Edvaldo da Cruz"]
[Result "0-1"]
[WhiteElo "1602"]
[BlackElo "1759"]
[PlyCount "53"]
[EventDate "2017.03.03"]
[EventType "swiss"]
[EventRounds "6"]
[EventCountry "BRA"]
[SourceTitle "EXT 2022"]
[Source "ChessBase"]
[SourceDate "2021.10.06"]
[SourceVersion "1"]
[SourceVersionDate "2021.10.06"]
[SourceQuality "1"]

1. c4 c5 2. Nf3 Nc6 3. a3 Nf6 4. d3 g6 5. Nc3 Bg7 6. g3 d5 7. cxd5 Nxd5 8. Nxd5 Qxd5 9. Bg2 0-0 10. 0-0 Qd8 11. Rb1 Rb8 12. Bd2 b6 13. Qc1 Bb7 14. Bh6 Nd4 15. Nxd4 Bxg2 16. Kxg2 Qxd4 17. h4 Rfe8 18. Rh1 Qd5+ 19. f3 Qe6 20. Kf1 Rbc8 21. Bxg7 Kxg7 22. h5 Rh8 23. h6+ Kf8 24. Qc4 Qxc4 25. dxc4 Rd8 26. Kf2 e5 27. Rbd1 0-1

[Event "Belem FEXPA op 1st"]
[Site "Belem"]
[Date "2017.02.05"]
[Round "5"]
[White "Pessoa, Andre Joaquim De Pi"]
[Black "Costa, Edvaldo da Cruz"]
[Result "1-0"]
[WhiteElo "1874"]
[BlackElo "1798"]
[PlyCount "77"]
[EventDate "2017.02.03"]
[EventType "swiss"]
[EventRounds "6"]
[EventCountry "BRA"]
[SourceTitle "CBM 176 Extra"]
[Source "ChessBase"]
[SourceDate "2017.03.02"]
[SourceVersion "1"]
[SourceVersionDate "2017.03.02"]
[SourceQuality "1"]

1. e4 c5 2. Bc4 Nc6 3. Qh5 e6 4. e5 g6 5. Qe2 Bg7 6. f4 d5 7. Bd3 Nd4 8. Bb5+ Bd7 9. Bxd7+ Qxd7 10. Qd1 Ne7 11. c3 Ndc6 12. d4 cxd4 13. cxd4 Nf5 14. Nf3 0-0 15. 0-0 Rac8 16. Nc3 a6 17. a3 Qd8 18. Ne2 Qb6 19. g4 Nfe7 20. b4 f6 21. Be3 fxe5 22. fxe5 Bxe5 23. Bh6 Bg7 24. Bxg7 Kxg7 25. Kg2 Rf7 26. Qd2 h6 27. Nf4 Rf6 28. Rae1 Nd8 29. h4 Qd6 30. Ne5 a5 31. Nh5+ gxh5 32. Rxf6 Kxf6 33. Qxh6+ Ng6 34. Qg5+ Kg7 35. Qxg6+ Kh8 36. Qxh5+ Kg7 37. Qg6+ Kh8 38. Rf1 axb4 39. Rf7 1-0

[Event "Belem FEXPA op 1st"]
[Site "Belem"]
[Date "2017.02.04"]
[Round "3"]
[White "Costa, Edvaldo da Cruz"]
[Black "De Vilhena, Cleriston Mubarak T"]
[Result "1-0"]
[WhiteElo "1798"]
[BlackElo "1818"]
[PlyCount "47"]
[EventDate "2017.02.03"]
[EventType "swiss"]
[EventRounds "6"]
[EventCountry "BRA"]
[SourceTitle "CBM 176 Extra"]
[Source "ChessBase"]
[SourceDate "2017.03.02"]
[SourceVersion "1"]
[SourceVersionDate "2017.03.02"]
[SourceQuality "1"]

1. d4 c6 2. c4 d5 3. Nc3 Nf6 4. Bg5 Bf5 5. Bxf6 exf6 6. cxd5 cxd5 7. Qb3 Qd7 8. Qxd5 Qxd5 9. Nxd5 Bd6 10. e3 Be6 11. Nc3 0-0 12. Nf3 Nd7 13. Bd3 a6 14. h3 Rac8 15. Be4 Bb4 16. Bxb7 Rxc3 17. bxc3 Bxc3+ 18. Kd1 Bxa1 19. Kc2 Rb8 20. Rb1 Bf5+ 21. e4 Bxe4+ 22. Bxe4 Rc8+ 23. Kb3 Bc3 24. Rc1 1-0

[Event "Belem FEXPA op 1st"]
[Site "Belem"]
[Date "2017.02.03"]
[Round "2"]
[White "Da Silva, Mikhail Zoltan Iwan"]
[Black "Costa, Edvaldo da Cruz"]
[Result "1-0"]
[WhiteElo "1939"]
[BlackElo "1798"]
[PlyCount "93"]
[EventDate "2017.02.03"]
[EventType "swiss"]
[EventRounds "6"]
[EventCountry "BRA"]
[SourceTitle "CBM 176 Extra"]
[Source "ChessBase"]
[SourceDate "2017.03.02"]
[SourceVersion "1"]
[SourceVersionDate "2017.03.02"]
[SourceQuality "1"]

1. d4 d5 2. c4 e6 3. Nc3 c6 4. e4 dxe4 5. Nxe4 Nf6 6. Nxf6+ Qxf6 7. Nf3 Bb4+ 8. Bd2 Bxd2+ 9. Qxd2 b6 10. Bd3 Bb7 11. Be4 0-0 12. 0-0 Qe7 13. Rfe1 f5 14. Bc2 Na6 15. d5 cxd5 16. cxd5 Rad8 17. Rxe6 Qxe6 18. dxe6 Rxd2 19. Nxd2 g6 20. Re1 Re8 21. e7 Kf7 22. Bb3+ Kf6 23. Re6+ Kg7 24. Ba4 Kf7 25. Bxe8+ Kxe6 26. Bxg6 Kxe7 27. Bxf5 h6 28. f4 Nc5 29. Kf2 Kf6 30. g4 Bd5 31. b3 Be6 32. Bxe6 Nxe6 33. Ke3 b5 34. Ne4+ Kg7 35. h4 a5 36. f5 Nc7 37. Kd4 a4 38. bxa4 bxa4 39. Nc5 Kf6 40. Ne4+ Ke7 41. g5 hxg5 42. hxg5 a3 43. g6 Ne8 44. Ke5 Nc7 45. f6+ Kf8 46. Nc5 Kg8 47. f7+ 1-0

[Event "Florianopolis op 3rd"]
[Site "Florianopolis"]
[Date "2017.01.24"]
[Round "7"]
[White "Costa, Edvaldo da Cruz"]
[Black "Deus Filho, Joaquim"]
[Result "0-1"]
[WhiteElo "1798"]
[BlackElo "1997"]
[PlyCount "95"]
[EventDate "2017.01.20"]
[EventType "swiss"]
[EventRounds "10"]
[EventCountry "BRA"]
[SourceTitle "EXT 2018"]
[Source "ChessBase"]
[SourceDate "2017.10.13"]
[SourceVersion "1"]
[SourceVersionDate "2017.10.13"]
[SourceQuality "1"]

1. d4 d5 2. c4 Bf5 3. Nc3 e6 4. Nf3 c6 5. cxd5 exd5 6. Qb3 Qb6 7. e3 Qxb3 8. axb3 Bc2 9. Na4 Nd7 10. Nd2 Bb4 11. Nc3 f5 12. Be2 Ngf6 13. 0-0 0-0 14. Na2 Bxd2 15. Bxd2 Bxb3 16. Nc3 Nb6 17. Rfc1 Bc4 18. Bf3 Ne4 19. Be1 a6 20. Na4 Nxa4 21. Rxa4 Bb5 22. Ra3 b6 23. Rca1 c5 24. Bxe4 fxe4 25. dxc5 bxc5 26. Bc3 Rad8 27. Rd1 Rd7 28. b4 cxb4 29. Bxb4 Rc8 30. Ba5 Rc2 31. Rc3 Ra2 32. Bb6 Bc4 33. Bd4 Rf7 34. f4 exf3 35. gxf3 Rxf3 36. Be5 Kf7 37. Rcc1 Rxe3 38. Bd4 Ree2 39. Rf1+ Ke6 40. Rf2 Rxf2 41. Bxf2 Ke5 42. Rc3 a5 43. Rg3 Ra1+ 44. Kg2 Bf1+ 45. Kf3 Ra3+ 46. Be3 d4 47. Kf2 Rxe3 48. Rxg7 0-1

[Event "Florianopolis op 3rd"]
[Site "Florianopolis"]
[Date "2017.01.23"]
[Round "6"]
[White "Salvadego, Erika Giovana De O"]
[Black "Costa, Edvaldo da Cruz"]
[Result "0-1"]
[WhiteElo "1121"]
[BlackElo "1798"]
[PlyCount "60"]
[EventDate "2017.01.20"]
[EventType "swiss"]
[EventRounds "10"]
[EventCountry "BRA"]
[SourceTitle "CBM 176 Extra"]
[Source "ChessBase"]
[SourceDate "2017.03.02"]
[SourceVersion "1"]
[SourceVersionDate "2017.03.02"]
[SourceQuality "1"]

1. d4 d5 2. c4 e6 3. Nc3 c6 4. cxd5 exd5 5. Nf3 Nf6 6. Bg5 Be7 7. e3 Bg4 8. h3 Bh5 9. Bd3 Nbd7 10. 0-0 h6 11. Bh4 g5 12. Bg3 g4 13. hxg4 Bxg4 14. Be2 h5 15. Re1 Ne4 16. Nxe4 dxe4 17. Nd2 Nf6 18. Bxg4 hxg4 19. Be5 Bb4 20. Re2 Rh7 21. Bxf6 Qxf6 22. Nxe4 Qh4 23. f3 g3 24. Nxg3 Qxg3 25. a3 Bd6 26. f4 0-0-0 27. Qe1 Qh2+ 28. Kf2 Rg8 29. Kf1 Qh1+ 30. Kf2 Qxg2# 0-1

[Event "Florianopolis op 3rd"]
[Site "Florianopolis"]
[Date "2017.01.22"]
[Round "4"]
[White "Masselli, Eduardo"]
[Black "Costa, Edvaldo da Cruz"]
[Result "1-0"]
[WhiteElo "1513"]
[BlackElo "1798"]
[PlyCount "81"]
[EventDate "2017.01.20"]
[EventType "swiss"]
[EventRounds "10"]
[EventCountry "BRA"]
[SourceTitle "CBM 176 Extra"]
[Source "ChessBase"]
[SourceDate "2017.03.02"]
[SourceVersion "1"]
[SourceVersionDate "2017.03.02"]
[SourceQuality "1"]

1. e4 e6 2. d4 d5 3. Nd2 Nc6 4. c3 Nf6 5. e5 Nd7 6. f4 f6 7. Ndf3 fxe5 8. fxe5 Be7 9. Bd3 0-0 10. Qc2 h6 11. Be3 Na5 12. 0-0-0 c5 13. dxc5 Nxc5 14. Bh7+ Kh8 15. b4 Nc4 16. Bxc5 Bxc5 17. bxc5 Ne3 18. Qb1 Qa5 19. Ne2 Qa3+ 20. Kd2 Qxc5 21. Nfd4 Nf5 22. Bxf5 exf5 23. Qb4 b6 24. Nb3 Qxb4 25. cxb4 Re8 26. Nf4 Bb7 27. Rhe1 g5 28. Nh5 Rac8 29. Rc1 Rc4 30. Nf6 Re6 31. Rxc4 dxc4 32. Nd4 Re7 33. Nxf5 Re6 34. Nxh6 Bxg2 35. Nf7+ Kg7 36. Nxg5 Rc6 37. Nge4 Bh3 38. Rg1+ Kh6 39. Ng5 c3+ 40. Kc1 Bf5 41. Nf7# 1-0

[Event "Belem FEXPA U1900 1st"]
[Site "Belem"]
[Date "2016.12.03"]
[Round "2.3"]
[White "Cavalheiro, Alvancir Elves"]
[Black "Costa, Edvaldo da Cruz"]
[Result "0-1"]
[WhiteElo "1837"]
[BlackElo "1767"]
[PlyCount "84"]
[EventDate "2016.12.02"]
[EventType "tourn"]
[EventRounds "5"]
[EventCountry "BRA"]
[SourceTitle "EXT 2022"]
[Source "ChessBase"]
[SourceDate "2021.10.06"]
[SourceVersion "1"]
[SourceVersionDate "2021.10.06"]
[SourceQuality "1"]

1. e4 e6 2. d4 d5 3. Nc3 Nf6 4. exd5 exd5 5. Bd3 Nc6 6. Nf3 Nb4 7. Bf4 Nxd3+ 8. Qxd3 Bb4 9. Qb5+ c6 10. Qxb4 a5 11. Qd6 Qb6 12. 0-0-0 Be6 13. Ng5 Rd8 14. Qc5 Qxc5 15. dxc5 0-0 16. Nxe6 fxe6 17. Bd6 Rf7 18. f3 Re8 19. Rde1 Nd7 20. a3 b6 21. cxb6 Nxb6 22. Bg3 Nc4 23. Re2 Rb7 24. Nd1 Kf7 25. Rhe1 a4 26. c3 g6 27. Nf2 Na5 28. Nd3 Nb3+ 29. Kb1 c5 30. Nc1 Na5 31. Bd6 Rb5 32. f4 Nc4 33. Be5 Nxa3+ 34. Ka2 Nc4 35. Nd3 Re7 36. g4 Reb7 37. h4 a3 38. b4 cxb4 39. Nxb4 Nxe5 40. Rxe5 d4 41. Rxb5 Rxb5 42. Kxa3 dxc3 0-1

[Event "Belem FEXPA U1900 1st"]
[Site "Belem"]
[Date "2016.12.03"]
[Round "3.1"]
[White "Costa, Edvaldo da Cruz"]
[Black "Almeida, Luis Fernando Silva"]
[Result "1-0"]
[WhiteElo "1767"]
[BlackElo "1606"]
[PlyCount "99"]
[EventDate "2016.12.02"]
[EventType "tourn"]
[EventRounds "5"]
[EventCountry "BRA"]
[SourceTitle "EXT 2022"]
[Source "ChessBase"]
[SourceDate "2021.10.06"]
[SourceVersion "1"]
[SourceVersionDate "2021.10.06"]
[SourceQuality "1"]

1. d4 Nf6 2. c4 e6 3. Nc3 d5 4. cxd5 exd5 5. Bg5 Be7 6. e3 c6 7. Bd3 h6 8. Bh4 0-0 9. Nf3 Re8 10. Qc2 Ng4 11. Bg3 Bd6 12. 0-0-0 Na6 13. Bxd6 Qxd6 14. Bxa6 bxa6 15. h3 Nf6 16. g4 Ne4 17. Nxe4 Rxe4 18. Ne5 Bb7 19. Nc4 Qe7 20. Nd2 Re6 21. Nb3 Rd6 22. Nc5 Bc8 23. e4 Rb8 24. e5 Rg6 25. f4 Rb4 26. b3 Qh4 27. Kb2 h5 28. f5 Rg5 29. Qd2 Rb6 30. e6 Kf8 31. Qe3 f6 32. Nd7+ Bxd7 33. exd7 Rb8 34. Rde1 Kg8 35. Qe8+ Rxe8 36. dxe8Q+ Kh7 37. Qe2 a5 38. Ka3 Qg3 39. Qe3 Qd6+ 40. Kb2 Qb4 41. Qc3 Qb6 42. Qc5 Qa6 43. Re8 Qd3 44. Qf8 Qxd4+ 45. Ka3 Qb4+ 46. Qxb4 axb4+ 47. Kxb4 g6 48. Re7+ Kh6 49. fxg6 Kxg6 50. Rg1 1-0